000 00811cab a2200253 4500
001 WB3410-14
008 090401t1998 xxu||||| |||| 00| 0 eng d
035 _a(Sirsi) u84861
041 _aeng
245 _aDebate of the Age
260 _c1998
350 _a0
490 _aCSM (Chartered Surveyor Monthly)
_v7(6) March 1998, 8(1)
520 _aThe Millennium Debate of the Age (MDA) campaign (see WB3409-10) seeks to stimulate debate on the implications of demographic change in the UK. It is supported by a range of organisations including the RICS.
650 _aAGE CONCERN
650 _aDEBATE OF THE AGE
650 _aDEMOGRAPHICS
650 _aELDERLY PEOPLE
650 _aPOPULATION TRENDS
650 _aRICS
690 _aECONOMIC AND SOCIAL
942 _n0
948 _c13/03/1998
999 _c53367
_d53367